სვანეთის ცის ქვეშ / Under the Svaneti Skies / Под Небом Сванетии (Record no. 1768)

000 -LEADER
fixed length control field 01044nam a22002057a 4500
003 - CONTROL NUMBER IDENTIFIER
control field OSt
005 - DATE AND TIME OF LATEST TRANSACTION
control field 20210421070424.0
008 - FIXED-LENGTH DATA ELEMENTS--GENERAL INFORMATION
fixed length control field 210226s1983 ||||| |||| 00| 0 eng d
040 ## - CATALOGING SOURCE
Original cataloging agency eng
Language of cataloging eng
Transcribing agency DLC
041 ## - LANGUAGE CODE
Language code of text/sound track or separate title eng
Language code of original geo
-- rus
080 ## - UNIVERSAL DECIMAL CLASSIFICATION NUMBER
Universal Decimal Classification number 008
Item number დ-37
100 ## - MAIN ENTRY--PERSONAL NAME
9 (RLIN) 1153
Personal name დერლემენკო, ევგენი / Derlemenco, Eugene / Дерлеменко, Евгений
245 ## - TITLE STATEMENT
Title სვანეთის ცის ქვეშ / Under the Svaneti Skies / Под Небом Сванетии
Statement of responsibility, etc. / by: საბჭოთა საქართველო / Soviet Georgia / Советская Грузия
260 ## - PUBLICATION, DISTRIBUTION, ETC.
Place of publication, distribution, etc. თბილისი / Tbilisi / Тбилиси
Name of publisher, distributor, etc. საბჭოთა საქართველო / Soviet Georgia / Советская Грузия
Date of publication, distribution, etc. 1983
300 ## - PHYSICAL DESCRIPTION
Extent 127 p.
Other physical details ill.
650 #0 - SUBJECT ADDED ENTRY--TOPICAL TERM
9 (RLIN) 493
Topical term or geographic name entry element Culture
653 ## - INDEX TERM--UNCONTROLLED
Uncontrolled term კულტურა
700 ## - ADDED ENTRY--PERSONAL NAME
9 (RLIN) 1154
Personal name გიგილაშვილი, ედვარდ / Gigilashvili, Edward / Гигилашвили, Эдуард
942 ## - ADDED ENTRY ELEMENTS (KOHA)
Source of classification or shelving scheme
Koha item type Books
Holdings
Withdrawn status Lost status Source of classification or shelving scheme Damaged status Not for loan Permanent location Current location Date acquired Inventory number Total Checkouts Full call number Barcode Date last seen Price effective from Koha item type
          Ken Walker International University Ken Walker International University 02/26/2021 1516   008 დ-37 1516 02/26/2021 02/26/2021 Books
          Ken Walker International University Ken Walker International University 02/26/2021 1515   008 დ-37 1515 02/26/2021 02/26/2021 Books

Powered by Koha